Postup správcu dane po podaní daňového priznania

Podanie daňového priznania daňovým subjektom predstavuje podstatný procesný úkon daňového subjektu. Príslušný správca dane po doručení daňového priznania má primárnu právnu povinnosť posúdiť jeho obsah. Taktiež posúdi, či bolo daňové priznanie podané včas a v súlade s platnou právnou úpravou. Pokiaľ...

Ausführliche Beschreibung

Gespeichert in:
Bibliographische Detailangaben
1. Verfasser: Hrtánek, Ladislav
Format: Buchkapitel
Sprache:Slowakisch
Schlagworte:
Tags: Tag hinzufügen
Keine Tags, Fügen Sie das erste Tag hinzu!

MARC

LEADER 00000naa a2200000 4500
001 0315374
005 20260310083535.8
041 0 |a slo 
044 |a SK 
245 1 0 |a Postup správcu dane po podaní daňového priznania  |c Ladislav Hrtánek 
520 |a Podanie daňového priznania daňovým subjektom predstavuje podstatný procesný úkon daňového subjektu. Príslušný správca dane po doručení daňového priznania má primárnu právnu povinnosť posúdiť jeho obsah. Taktiež posúdi, či bolo daňové priznanie podané včas a v súlade s platnou právnou úpravou. Pokiaľ daňové priznanie je obsahovo správne a bolo podané daňovým subjektom riadne a včas, nemusí vykonať správca dane doplnené dokazovanie, ani daňovému subjektu zasielať výzvu. V takomto prípade môže správca dane vyrubiť sumu daňovej povinnosti daňovému subjektu priamo rozhodnutím. 
610 2 0 |a správa daňová 
610 2 0 |a priznania daňové 
610 2 0 |a subjekty daňové 
610 2 0 |a úpravy právne 
610 2 0 |a povinnosť daňová 
610 2 0 |a legislatíva 
100 1 |a Hrtánek, Ladislav